000 00865nam a2200229 a 4500
001 39414
003 BD-RjUL
005 20211209053003.0
008 160410s2011 ii a|||| |||| 00| 0 ben d
020 _a9788177569834
_c: TK. 770.00
035 _a(BD-RjUL)39527
040 _aBD-RjUL
_bben
_cBD-RjUL
041 _aben
082 _223
_a759.954
_bBAC 2011
100 _aবন্দ্যোপাধ্যায়, প্রভাতমোহন
_9121500
245 _aচিএে প্রাচীন ভারত /
_cপ্রভাতমোহন বন্দ্যোপাধ্যায়
260 _aকলকাতা :
_bআননদ পাবলিশাস ;
_c২০১১
300 _a৭১ পৃ. :
_bচিএ ;
_c২৬ সেমি.
650 _aArt History
_9121501
650 _aচিএ ইতিহাস
_9121502
942 _2ddc
_cBK
999 _c39414
_d39414